[Event "Vecindario Montalvo Memorial 17th"]
[Site "Vecindario"]
[Date "2025.04.16"]
[Round "5"]
[White "Julien Casteleiro, Ariel"]
[Black "Perez Rosales, Pedro"]
[Result "0-1"]
[WhiteElo "1761"]
[BlackElo "1942"]
[PlyCount "61"]
[EventDate "2025.04.12"]
[EventType "swiss"]
[EventRounds "9"]
[EventCountry "ESP"]
[SourceTitle "CB17_2025"]
[SourceDate "2025.04.23"]
[SourceVersion "1"]
[SourceVersionDate "2025.04.23"]
[SourceQuality "1"]

1. d4 d6 2. Bf4 Nd7 3. e3 e5 4. Bg3 g6 5. Nf3 Bg7 6. c4 Nh6 7. h3 0-0 8. Be2 Nf5 9. Bh2 exd4 10. exd4 Qf6 11. Nc3 Nxd4 12. Qxd4 Qxd4 13. Nxd4 Bxd4 14. Nb5 Bb6 15. 0-0 Ne5 16. c5 Bxc5 17. Nxc7 Rb8 18. a3 Bd7 19. b4 Bb6 20. Nd5 Bd8 21. f4 Nc6 22. f5 Ne5 23. f6 Re8 24. Rad1 Ba4 25. Rd2 Rc8 26. Bd1 Bb5 27. Rf4 Rc1 28. Re4 Nc4 29. Ne7+ Bxe7 30. Rdd4 Bxf6 31. Rd3 0-1

[Event "Vecindario Montalvo Memorial 17th"]
[Site "Vecindario"]
[Date "2025.04.13"]
[Round "2"]
[White "Quintana Arcila, Yaiza"]
[Black "Julien Casteleiro, Ariel"]
[Result "0-1"]
[WhiteElo "1512"]
[BlackElo "1761"]
[PlyCount "84"]
[EventDate "2025.04.12"]
[EventType "swiss"]
[EventRounds "9"]
[EventCountry "ESP"]
[SourceTitle "CB17_2025"]
[SourceDate "2025.04.23"]
[SourceVersion "1"]
[SourceVersionDate "2025.04.23"]
[SourceQuality "1"]

1. e4 e6 2. d4 d5 3. Bd3 c5 4. exd5 exd5 5. dxc5 Bxc5 6. c3 Qb6 7. Qe2+ Ne7 8. Nf3 Nbc6 9. 0-0 Bg4 10. b4 Bd6 11. h3 Bxf3 12. Qxf3 Ne5 13. Qe2 Nxd3 14. Qxd3 0-0 15. Bg5 f6 16. Be3 Qc7 17. Nd2 Kh8 18. Nb3 Qc4 19. Qxc4 dxc4 20. Nc5 b6 21. Ne4 Be5 22. Rac1 Rad8 23. a4 Nd5 24. Bd2 h6 25. f4 Bb8 26. g3 Rfe8 27. Rfe1 Ne7 28. Rc2 f5 29. Nf2 Nd5 30. Ra1 a6 31. b5 a5 32. Rd1 Bd6 33. Bc1 Bc5 34. Rcd2 Be3 35. Rxd5 Rxd5 36. Rxd5 Bxc1 37. Rxf5 Re3 38. Rf8+ Kh7 39. Rb8 Rxg3+ 40. Kf1 Be3 41. Ke2 Bc5 42. Ne4 Re3+ 0-1

[Event "Vecindario Montalvo Memorial 17th"]
[Site "Vecindario"]
[Date "2025.04.12"]
[Round "1"]
[White "Julien Casteleiro, Ariel"]
[Black "Gomez Ledo, Roberto Carlos"]
[Result "0-1"]
[WhiteElo "1761"]
[BlackElo "2396"]
[PlyCount "56"]
[EventDate "2025.04.12"]
[EventType "swiss"]
[EventRounds "9"]
[EventCountry "ESP"]
[SourceTitle "CB17_2025"]
[SourceDate "2025.04.23"]
[SourceVersion "1"]
[SourceVersionDate "2025.04.23"]
[SourceQuality "1"]

1. d4 g6 2. Bf4 Bg7 3. Nf3 d6 4. h3 Nd7 5. c4 e5 6. Bh2 e4 7. Ng1 f5 8. e3 Ne7 9. Nc3 0-0 10. Qb3 Kh8 11. Nge2 Nf6 12. Nf4 g5 13. Nfe2 Ng6 14. 0-0-0 Qe7 15. Kb1 a6 16. d5 Nd7 17. Nd4 Nc5 18. Qc2 Ne5 19. Be2 Bd7 20. g4 Ned3 21. Bxd3 exd3 22. Rxd3 Nxd3 23. Qxd3 Bxd4 24. Qxd4+ Qg7 25. f3 fxg4 26. fxg4 Rf3 27. Ne4 Re8 28. Nxg5 Rfxe3 0-1

[Event "Vecindario rapid op 2nd"]
[Site "Vecindario"]
[Date "2024.11.01"]
[Round "5"]
[White "Matos Espino, Carlos Silverio"]
[Black "Julien Casteleiro, Ariel"]
[Result "1-0"]
[WhiteElo "1649"]
[BlackElo "1704"]
[PlyCount "81"]
[EventDate "2024.11.01"]
[EventType "swiss"]
[EventRounds "9"]
[EventCountry "ESP"]
[SourceTitle "CB45_2024"]
[Source "ChessBase"]
[SourceDate "2024.11.06"]
[SourceVersion "1"]
[SourceVersionDate "2024.11.06"]
[SourceQuality "1"]

1. e4 e6 2. d4 d5 3. e5 c5 4. c3 Nc6 5. a3 Qb6 6. Nf3 Bd7 7. b4 cxd4 8. cxd4 Rc8 9. Be3 Be7 10. Bd3 f6 11. Nh4 Kf8 12. Qh5 Be8 13. Bg6 Nxd4 14. 0-0 fxe5 15. Bxe8 Rxe8 16. Ng6+ hxg6 17. Qxh8 Ne2+ 18. Kh1 d4 19. f4 e4 20. Re1 Qb5 21. Bg1 Kf7 22. Ra2 Nf6 23. Qh3 Nxf4 24. Qg3 e5 25. Bxd4 N6h5 26. Qb3+ Ne6 27. Ba1 Rh8 28. Rf2+ Bf6 29. Rxe4 Ke7 30. Nc3 Qd3 31. Nd5+ Qxd5 32. Qxd5 Ng3+ 33. Kg1 Nxe4 34. Qxb7+ Kd6 35. Qxe4 Ng5 36. Rd2+ Ke6 37. Qc6+ Kf5 38. Rf2+ Kg4 39. Qc4+ Kh5 40. h3 Rd8 41. Qg4+ 1-0

[Event "Liga Insular Gran Canaria 2b"]
[Site "Las Palmas"]
[Date "2019.04.06"]
[Round "5.1"]
[White "Julien Casteleiro, Ariel"]
[Black "Gonzalez Nocedo, Jaime"]
[Result "1-0"]
[WhiteElo "1664"]
[BlackElo "1536"]
[PlyCount "113"]
[EventDate "2019.03.02"]
[EventType "team-tourn"]
[EventRounds "10"]
[EventCountry "ESP"]
[SourceTitle "EXT 2021"]
[Source "ChessBase"]
[SourceDate "2020.10.23"]
[SourceVersion "1"]
[SourceVersionDate "2020.10.23"]
[SourceQuality "1"]
[WhiteTeam "Hotel Avda de Canarias IV"]
[BlackTeam "Fundacion La Caja de Canarias IV"]
[WhiteTeamCountry "ESP"]
[BlackTeamCountry "ESP"]

1. Nf3 d5 2. d4 Nf6 3. Bg5 Bf5 4. e3 Nbd7 5. Bd3 Bg6 6. Nc3 c6 7. 0-0 Ne4 8. Bxe4 dxe4 9. Nd2 f5 10. f3 exf3 11. Qxf3 Nf6 12. Rad1 e6 13. Nc4 Bh5 14. Qf2 Bxd1 15. Rxd1 Be7 16. Qh4 Ng4 17. Bxe7 Qxe7 18. Qg3 0-0 19. h3 Nf6 20. Qg5 Qb4 21. Ne5 Ne4 22. Nxe4 fxe4 23. Qg4 Rad8 24. Qxe6+ Kh8 25. Nf7+ Rxf7 26. Qxf7 Rf8 27. Qb3 Qe7 28. d5 Rd8 29. c4 Kg8 30. Rf1 cxd5 31. cxd5 Qd6 32. Qxb7 Qxd5 33. Qxd5+ Rxd5 34. Rf2 Rd3 35. Re2 Kf7 36. Kf2 Kf6 37. Rc2 Rd7 38. Ke2 Re7 39. a4 Ke5 40. b4 Kd6 41. Rc4 Kd5 42. Rc8 Rb7 43. b5 Kd6 44. Re8 Kd5 45. Kf2 Rc7 46. Kg3 g5 47. Kg4 Rf7 48. a5 h6 49. Rc8 Rb7 50. Rc6 Rxb5 51. Ra6 Rb7 52. Rxh6 Rg7 53. Rf6 Kc4 54. Rd6 Kb5 55. Rd5+ Ka6 56. Rxg5 Rxg5+ 57. Kxg5 1-0

[Event "Las Palmas Insular-chT Segunda 1718"]
[Site "Las Palmas"]
[Date "2018.01.20"]
[Round "6.4"]
[White "Smeds, Tom"]
[Black "Julien Casteleiro, Ariel"]
[Result "1-0"]
[WhiteElo "1898"]
[BlackElo "1691"]
[PlyCount "115"]
[EventDate "2017.10.28"]
[EventType "team-swiss"]
[EventRounds "9"]
[EventCountry "ESP"]
[SourceTitle "EXT 2019"]
[Source "ChessBase"]
[SourceDate "2018.10.10"]
[SourceVersion "1"]
[SourceVersionDate "2018.10.10"]
[SourceQuality "1"]
[WhiteTeam "Fundacion La Caja de Canarias II"]
[BlackTeam "Hotel Avda de Canarias III"]
[WhiteTeamCountry "ESP"]
[BlackTeamCountry "ESP"]

1. b3 d5 2. Bb2 Nf6 3. Nf3 c5 4. e3 a6 5. c4 Bg4 6. Bxf6 exf6 7. cxd5 Qxd5 8. Nc3 Qd8 9. Be2 Be7 10. 0-0 Nc6 11. d4 0-0 12. dxc5 Bxc5 13. Ne4 Be7 14. Ng3 Qa5 15. h3 Rad8 16. Qb1 Bxf3 17. Bxf3 Rd2 18. Bxc6 bxc6 19. Qe4 Bd6 20. Nf5 Be5 21. Ne7+ Kh8 22. Nxc6 Qa3 23. Nxe5 fxe5 24. Qxe5 Rxa2 25. Rxa2 Qxa2 26. Qd6 Kg8 27. b4 h6 28. Rc1 Qa3 29. Rc6 a5 30. b5 Qxd6 31. Rxd6 Rb8 32. b6 a4 33. Rd4 Rxb6 34. Rxa4 f6 35. e4 Rb1+ 36. Kh2 Rb2 37. f3 g5 38. Ra7 h5 39. h4 Rb5 40. hxg5 fxg5 41. g3 Rb2+ 42. Kh3 Rb5 43. Rd7 Rb3 44. Rd5 Rxf3 45. Rxg5+ Kf7 46. Rf5+ Rxf5 47. exf5 Kf6 48. Kh4 Kxf5 49. Kxh5 Kf6 50. g4 Kg7 51. Kg5 Kg8 52. Kg6 Kh8 53. Kf7 Kh7 54. g5 Kh8 55. Kg6 Kg8 56. Kf6 Kf8 57. g6 Kg8 58. g7 1-0

[Event "Gran Canaria Galdos op 2nd"]
[Site "Gran Canaria"]
[Date "2017.05.04"]
[Round "2"]
[White "Julien Casteleiro, Ariel"]
[Black "Cruz Pino, Adrian"]
[Result "0-1"]
[WhiteElo "1669"]
[BlackElo "2100"]
[PlyCount "76"]
[EventDate "2017.05.03"]
[EventType "swiss"]
[EventRounds "5"]
[EventCountry "ESP"]
[SourceTitle "CBM 178 Extra"]
[Source "ChessBase"]
[SourceDate "2017.06.22"]
[SourceVersion "1"]
[SourceVersionDate "2017.06.22"]
[SourceQuality "1"]

1. d4 d5 2. Nf3 c6 3. c4 e6 4. Nc3 Nf6 5. Bg5 h6 6. Bh4 Bb4 7. a3 Bxc3+ 8. bxc3 Qa5 9. Qb3 Nbd7 10. Qb4 Qxb4 11. cxb4 dxc4 12. e3 b5 13. Bxf6 gxf6 14. g3 Bb7 15. Bg2 a5 16. 0-0 Ke7 17. Nd2 axb4 18. axb4 Rxa1 19. Rxa1 Ra8 20. Rxa8 Bxa8 21. Nb1 Nb6 22. Nc3 Na4 23. Nxb5 cxb5 24. Bxa8 Kd6 25. Be4 Nc3 26. Bc2 Na2 27. Bb1 c3 28. Kf1 Nxb4 29. Ke2 c2 30. Bxc2 Nxc2 31. Kd2 Na3 32. Kc3 Kc6 33. g4 Nc4 34. e4 Nd6 35. f3 f5 36. e5 fxg4 37. fxg4 Ne4+ 38. Kb4 Nf2 0-1

[Event "Canarias-ch"]
[Site "Vecindario"]
[Date "2016.05.29"]
[Round "5.9"]
[White "Julien Casteleiro, Ariel"]
[Black "Ramirez Gomez, Alejandro"]
[Result "1-0"]
[WhiteElo "1614"]
[BlackElo "1220"]
[PlyCount "45"]
[EventDate "2016.05.27"]
[EventType "swiss"]
[EventRounds "6"]
[EventCountry "ESP"]
[SourceTitle "EXT 2024"]
[Source "ChessBase"]
[SourceDate "2023.10.10"]
[SourceVersion "1"]
[SourceVersionDate "2023.10.10"]
[SourceQuality "1"]

1. d4 d5 2. Nc3 e6 3. e4 Bb4 4. e5 Ne7 5. Bd3 0-0 6. Bg5 Bxc3+ 7. bxc3 b6 8. Qh5 g6 9. Qh6 f5 10. exf6 Nf5 11. Bxf5 Rxf6 12. Bxf6 Qxf6 13. Bd3 Ba6 14. Nf3 Bxd3 15. cxd3 Qf5 16. Ng5 Nd7 17. Qxh7+ Kf8 18. Qh8+ Ke7 19. Qxa8 Qxd3 20. Qc6 Nc5 21. Qxc7+ Kf6 22. Qe5+ Ke7 23. dxc5 1-0

[Event "Canarias-ch"]
[Site "Vecindario"]
[Date "2016.05.28"]
[Round "2.6"]
[White "Gutierrez Olivares, Daniel"]
[Black "Julien Casteleiro, Ariel"]
[Result "1-0"]
[WhiteElo "2295"]
[BlackElo "1614"]
[PlyCount "57"]
[EventDate "2016.05.27"]
[EventType "swiss"]
[EventRounds "6"]
[EventCountry "ESP"]
[SourceTitle "EXT 2024"]
[Source "ChessBase"]
[SourceDate "2023.10.10"]
[SourceVersion "1"]
[SourceVersionDate "2023.10.10"]
[SourceQuality "1"]

1. e4 e5 2. Nf3 Nf6 3. d3 Nc6 4. Nbd2 Be7 5. Be2 d6 6. 0-0 Bg4 7. Re1 0-0 8. c3 a6 9. h3 Be6 10. Nf1 h6 11. Ng3 Qd7 12. Bf1 b5 13. d4 exd4 14. Nxd4 Nxd4 15. cxd4 c6 16. b3 d5 17. e5 Nh7 18. Bd3 f5 19. exf6 Bxf6 20. Bc2 Kh8 21. Qd3 Bg8 22. Nh5 Ng5 23. Nxf6 Rxf6 24. Bxg5 hxg5 25. Re5 g4 26. Rh5+ Rh6 27. Qg6 gxh3 28. Re1 Rf8 29. Rxh6+ 1-0

[Event "Gran Canaria Dominguez Memorial 3rd"]
[Site "Gran Canaria"]
[Date "2016.05.17"]
[Round "1"]
[White "Gutierrez Olivares, Daniel"]
[Black "Julien Casteleiro, Ariel"]
[Result "1-0"]
[WhiteElo "2295"]
[BlackElo "1614"]
[PlyCount "45"]
[EventDate "2016.05.17"]
[EventType "swiss"]
[EventRounds "7"]
[EventCountry "ESP"]
[SourceTitle "CBM 172 Extra"]
[Source "ChessBase"]
[SourceDate "2016.06.21"]
[SourceVersion "1"]
[SourceVersionDate "2016.06.21"]
[SourceQuality "1"]

1. c4 Nf6 2. Nc3 d6 3. g3 g6 4. Bg2 Bg7 5. Nf3 0-0 6. 0-0 Bg4 7. h3 Bd7 8. d4 c6 9. e4 Qc8 10. Kh2 Ne8 11. Bg5 f6 12. Be3 e5 13. c5 dxc5 14. dxe5 fxe5 15. Bxc5 Rf7 16. Ng5 Rf6 17. Be7 Na6 18. Bxf6 Bxf6 19. Qb3+ Kh8 20. Qf7 Bg7 21. Rad1 Nc5 22. Qe7 Bf6 23. Qf8# 1-0

[Event "Las Palmas Montalvo Memorial 9th"]
[Site "Las Palmas"]
[Date "2016.03.24"]
[Round "4"]
[White "Julien Casteleiro, Ariel"]
[Black "Sanchez Quintero, Raul"]
[Result "0-1"]
[WhiteElo "1599"]
[BlackElo "1965"]
[PlyCount "170"]
[EventDate "2016.03.21"]
[EventType "swiss"]
[EventRounds "9"]
[EventCountry "ESP"]
[SourceTitle "CBM 171 Extra"]
[Source "ChessBase"]
[SourceDate "2016.04.26"]
[SourceVersion "1"]
[SourceVersionDate "2016.04.26"]
[SourceQuality "1"]

1. d4 Nf6 2. Nf3 e6 3. c4 Bb4+ 4. Bd2 Bxd2+ 5. Nbxd2 d5 6. e3 0-0 7. Bd3 Qe7 8. Ne5 c5 9. 0-0 cxd4 10. exd4 dxc4 11. Bxc4 Nbd7 12. Ndf3 Nb6 13. Bd3 Bd7 14. Nxd7 Qxd7 15. Qd2 Rfd8 16. Rad1 Qd6 17. Rfe1 Nbd5 18. Qg5 Qf4 19. h4 h6 20. Qe5 Rac8 21. a3 Qg4 22. Bb1 Nf4 23. g3 Qxf3 24. Qxf4 Qxf4 25. gxf4 Rc4 26. Kg2 Rcxd4 27. Rxd4 Rxd4 28. Kf3 Rd2 29. b4 g6 30. Ke3 Rb2 31. Rg1 Kg7 32. f5 exf5 33. Bxf5 Rb3+ 34. Kd4 Rxa3 35. Bc8 b6 36. f4 Rf3 37. Ke5 Re3+ 38. Kd6 Rb3 39. f5 Rxb4 40. fxg6 Rd4+ 41. Ke5 Rd5+ 42. Kf4 fxg6 43. Re1 g5+ 44. hxg5 hxg5+ 45. Kg3 Rd3+ 46. Kf2 Rc3 47. Ba6 Ng4+ 48. Kg2 Kf6 49. Re8 Ra3 50. Bc8 Ne3+ 51. Kf2 Nc4 52. Re6+ Kf7 53. Rc6 Ne5 54. Rh6 g4 55. Kg2 g3 56. Re6 Rc3 57. Rxe5 Rxc8 58. Kxg3 Re8 59. Rh5 Re7 60. Kf4 Ke6 61. Ke4 Kd6+ 62. Kd4 Kc6 63. Kc4 Re4+ 64. Kb3 a5 65. Rh6+ Kb5 66. Rh5+ Ka6 67. Rh6 a4+ 68. Kc3 Ka5 69. Rh8 Rg4 70. Rb8 Kb5 71. Ra8 Rg3+ 72. Kb2 Kb4 73. Rh8 Rg2+ 74. Ka1 b5 75. Rh3 Rd2 76. Rf3 Kc4 77. Rh3 Rd3 78. Rh8 Kb3 79. Rh1 b4 80. Rb1+ Ka3 81. Rc1 Rc3 82. Rh1 b3 83. Kb1 b2 84. Rd1 Kb3 85. Rd3 a3 0-1

[Event "Gran Canaria Cabildo op"]
[Site "Gran Canaria"]
[Date "2016.03.01"]
[Round "5"]
[White "Yingrui, Lin"]
[Black "Julien Casteleiro, Ariel"]
[Result "1-0"]
[WhiteElo "1787"]
[BlackElo "1592"]
[PlyCount "73"]
[EventDate "2016.02.16"]
[EventType "swiss"]
[EventRounds "9"]
[EventCountry "ESP"]
[SourceTitle "CBM 171 Extra"]
[Source "ChessBase"]
[SourceDate "2016.04.26"]
[SourceVersion "1"]
[SourceVersionDate "2016.04.26"]
[SourceQuality "1"]

1. e4 e5 2. Nf3 Nf6 3. Nc3 Bb4 4. Bc4 d6 5. d3 Bg4 6. Bg5 c6 7. h3 Bh5 8. Qd2 Nbd7 9. a3 Ba5 10. Ba2 a6 11. g4 Bg6 12. 0-0-0 b5 13. h4 h6 14. h5 b4 15. axb4 Bxb4 16. hxg6 fxg6 17. Bh4 Qa5 18. Kb1 Rb8 19. Bb3 Nc5 20. Bxf6 Na4 21. Nxa4 Bxd2 22. Bxg7 Rh7 23. Nxd2 Rxg7 24. Rxh6 Ke7 25. Nc4 Qd8 26. d4 Qf8 27. dxe5 Qf4 28. exd6+ Kf6 29. e5+ Kg5 30. Rhh1 Qxf2 31. Nc3 Qa7 32. Ne4+ Kf4 33. Nf6 a5 34. Rdf1+ Kg5 35. Ne4+ Kxg4 36. Rhg1+ Kh5 37. Rg5+ 1-0

[Event "Gran Canaria Cabildo op"]
[Site "Gran Canaria"]
[Date "2016.02.26"]
[Round "4"]
[White "Julien Casteleiro, Ariel"]
[Black "Diaz Mendoza, Eladio"]
[Result "1-0"]
[WhiteElo "1592"]
[BlackElo "1580"]
[PlyCount "63"]
[EventDate "2016.02.16"]
[EventType "swiss"]
[EventRounds "9"]
[EventCountry "ESP"]
[SourceTitle "CBM 171 Extra"]
[Source "ChessBase"]
[SourceDate "2016.04.26"]
[SourceVersion "1"]
[SourceVersionDate "2016.04.26"]
[SourceQuality "1"]

1. d4 d5 2. c4 e6 3. Nf3 Nf6 4. Nc3 c6 5. Bg5 Be7 6. e3 0-0 7. Bd3 Nbd7 8. cxd5 cxd5 9. Qa4 a6 10. Ne5 Nxe5 11. dxe5 Nd7 12. Qh4 f5 13. exf6 Nxf6 14. Bxf6 Rxf6 15. Qxh7+ Kf8 16. Qh8+ Kf7 17. Qh5+ Kg8 18. Bh7+ Kf8 19. Bg6 Rxg6 20. Qxg6 Qb6 21. 0-0 Qxb2 22. Rac1 b5 23. Rc2 Qb4 24. Rfc1 Qd6 25. Ne2 Bd7 26. Nd4 Bf6 27. h4 Bxh4 28. Nf5 Qe5 29. Nxh4 Ke7 30. Qg4 Qf6 31. Rc7 Rh8 32. Ng6+ 1-0

[Event "Gran Canaria Cabildo op"]
[Site "Gran Canaria"]
[Date "2016.02.16"]
[Round "1"]
[White "Ramos Santana, Marcelino"]
[Black "Julien Casteleiro, Ariel"]
[Result "1-0"]
[WhiteElo "2017"]
[BlackElo "1592"]
[PlyCount "87"]
[EventDate "2016.02.16"]
[EventType "swiss"]
[EventRounds "9"]
[EventCountry "ESP"]
[SourceTitle "CBM 171 Extra"]
[Source "ChessBase"]
[SourceDate "2016.04.26"]
[SourceVersion "1"]
[SourceVersionDate "2016.04.26"]
[SourceQuality "1"]

1. e4 e6 2. d4 d5 3. e5 a6 4. Nf3 c5 5. c3 Qb6 6. Bd3 Nc6 7. 0-0 Bd7 8. dxc5 Bxc5 9. Nbd2 Nh6 10. Nb3 Be7 11. Qe2 Nf5 12. Rd1 Rc8 13. Bf4 0-0 14. Bc2 Rfd8 15. h3 Qc7 16. Rac1 Na5 17. Nbd4 Nc4 18. Bb1 Qb6 19. b3 Na5 20. Qd3 Nc6 21. g4 g6 22. gxf5 gxf5 23. Kh2 Kh8 24. Rg1 Rg8 25. Qe3 Rcf8 26. Bh6 Qc7 27. Bf4 Qd8 28. b4 b5 29. Bh6 Qb8 30. Bf4 Qd8 31. Bd3 Qb8 32. Ne2 a5 33. a3 Bd8 34. Ned4 Ne7 35. Kh1 Ng6 36. Bg5 f6 37. exf6 e5 38. f7 Rxf7 39. Bxd8 f4 40. Qe2 Rxd8 41. Bxg6 hxg6 42. Qxe5+ Qxe5 43. Nxe5 Rh7 44. Nxg6+ 1-0